000 00439nam a2200193Ia 4500
005 20250603145022.0
008 250603s9999 xx 000 0 und d
020 _a9780321556127
050 _aHB 172 .B233/
100 _aBade, Robin
245 0 _aFundations of microeconomics
250 _a4th ed.
260 _aBoston
260 _bPearson Education
260 _c2009
300 _a532 p
650 _aBoston
942 _cBK
999 _c40631
_d40631